Religion Quiz

Random Religion or Country Quiz

Where Did It Happen? (Religion) Quiz Stats

 Plays Quiz Updated Nov 6, 2019

Score 0/20 Timer 05:00
29 Plays Today
% Correct
China
90.5%
Greece
86.7%
United States
84.4%
United Kingdom
83.8%
Germany
82.9%
Egypt
81.7%
Peru
79.1%
Japan
77.5%
Israel
74.4%
Saudi Arabia
73.3%
% Correct
Iraq
71.1%
Guyana
68.8%
Czechia
68.4%
Portugal
66.1%
Turkey
63%
India
54.9%
Palestine
49.2%
Nepal
46.7%
Azerbaijan
39.4%
Pakistan
38.2%

You're not logged in!

Compare scores with friends on all Sporcle quizzes.
OR
Log In

Sporcle TV

Today on Sporcle TV


Watch our educational content, quiz creation guides, and fun videos on Sporcle TV.

Show Comments

Extras

Top Quizzes Today


Score Distribution

Your Account Isn't Verified!

In order to create a playlist on Sporcle, you need to verify the email address you used during registration. Go to your Sporcle Settings to finish the process.

Report this User

Report this user for behavior that violates our Community Guidelines.

Details: